NRW nach Buchstaben - H - Statistiken

Allgemein
  • Dieses Quiz wurde 48 mal gespielt
  • Das Durchschnittsergebnis liegt bei 12 aus 20
Antwortstatistiken
Hinweis Antwort % Korrekt
Stadt im Östlichen Ruhrpott mit Maximilianpark und großem Hindu-Tempel Hamm
98%
Tor zum Sauerland, durch das die Volme, Lenne, Ruhr und Ennepe fließen Hagen
95%
Gummibärchenhersteller aus Bonn Haribo
95%
In diese Ruhrpottstadt wurde Wanne-Eickel eingemeindet Herne
90%
Großer ehemaliger Industriebetrieb am Borsigplatz in Dortmund Hösch
74%
Dichter (Loreley; Deutschland ein Wintermärchen) und Namensgeber der Universität Düsseldorf Heinrich Heine
71%
Düsseldorfer Waschmittelkonzern Henkel
67%
Kreisstadt im Rheinland, in der der Eierlikör erfunden wurde Heinsberg
64%
Diesem Cheruskerfürsten wurde bei Detmold ein großes Denkmal errichtet Hermann
62%
Stadt bei Köln mit Braunkohle, Chemie und Medienindustrie Hürth
62%
Landkreis um Arnsberg und Meschede Hochsauerlandkreis
57%
Stadt an der Ruhr mir Henrichshütte und historischer Altstadt Hattingen
52%
Kreisstadt in Ostwestfalen mit Marta-Museum und Sitz von Hipp Herford
50%
Villa der Familie Krupp im Süden von Essen Hügel
50%
Stadt an Lippe und Stausee im Kreis Recklinghausen Haltern
48%
Spielort von Rot-Weiß Essen. Stadion an der ... Hafenstraße
45%
Stadt südlich von Dortmund an Hengstey- und Harkort-See mit Ruhr-Viadukt Herdecke
45%
Westfälische Musikerschwestern Inga und Annette, die u.a. bei Ideal, 2Raumwohnung und Ich+Ich aktiv waren Humpe
45%
Stadt im Märkischen Kreis mit Felsenmeer und Sauerlandpark Hemer
33%
Kabarettist aus Moers, der u.a. den Niederrheiner aufs Korn nahm Hans-Dieter Hüsch
17%
Keine übereinstimmenden Quizze gefunden
Verteilung der Resultate
Anzahl Personen mit jedem Resultat
Perzentil nach korrekt beantworteten Fragen
Ihre Resultats-Entwicklung
Sie haben dieses Quiz noch nicht gespielt